00981nam a2200253 a 450000100060000000300080000600500170001400800410003103500190007204000350009104100080012608200250013410000230015924501760018226000720035830000370043050200780046750400330054565000290057865000270060765000220063465000360065670000350069278579BD-RjUL20211209083138.0211011s2001 bg a|||| m||| 00| 0 eng d a(BD-RjUL)78805 aBD-RjULbengcBD-RjULdBD-RjUL aeng a155.82bHOS 2001223 aHossain, Md. Kamal12aA Study On Fraternal Relative Deprivation As Related To Social Identity Patterns Of Tribal Students In Bangladesh /cby Md. Kamal Hossain ;6Supervisor : Md. Mozammel Huq aRajshahi :bDepartment Of Psychology, University Of Rajshahi,c2001 axv, 252 leaves :bill. ;c29 cm. aThesis (Ph. D.) -- Department Of Psychology, University Of Rajshahi, 2001 aRefernces : Leaves 201 - 224 aDeprivation (Psychology) a Intergroup relations. aSocial psychology aEthnopsychologyxSocial aspects aHuq, Md. Mozammel, Supervisor